| 000 | 00775cam a2200277 4500 | ||
|---|---|---|---|
| 001 | M1766 | ||
| 008 | 090401t1995 xxu||||| |||| 00| 0 eng d | ||
| 035 | _a(Sirsi) u34346 | ||
| 041 | _aeng | ||
| 050 | _a332.6324 | ||
| 110 |
_aInvestment Property Databank _92288 |
||
| 245 | _aIPD annual review 1995. | ||
| 260 |
_aLondon _bInvestment Property Databank _c1995 |
||
| 300 | _a1 folded sheet (8p.) ; 30cm. | ||
| 350 | _a0 | ||
| 650 | _aPROPERTY-COMMERCIAL PROPERTY | ||
| 650 | _aINDUSTRIAL PROPERTY | ||
| 650 | _aINSTITUTIONAL INVESTMENT | ||
| 650 | _aOFFICES | ||
| 650 | _aPROPERTY INVESTMENT | ||
| 650 | _aSHOPS | ||
| 650 | _aYIELDS | ||
| 690 | _aPROPERTY-COMMERCIAL PROPERTY-COMMERCIAL PROPERTY FINANCE AND INVESTMENT | ||
| 942 | _n0 | ||
| 948 | _c04/03/1997 | ||
| 999 |
_c89930 _d89930 |
||